| 000 | 01050cad a22001935a 4500 | ||
|---|---|---|---|
| 001 | L152987 | ||
| 008 | 110519e20110519xxk 000 0 eng d | ||
| 035 | _a(Sirsi) u152987 | ||
| 041 | 0 | _aeng | |
| 110 | 2 |
_aLondon Assembly _95949 |
|
| 245 | 0 | 0 |
_aAssembly to probe the condition of London's private rented sector _h[electronic resource] |
| 490 |
_aLondon Assembly Press Release _v19 May 2011 |
||
| 520 | _aLondon Assembly's Planning and Housing Committee has launched an investigation into the condition of London's private rented housing sector. The Committee will hold two public hearings with expert guests to inform its investigation, on 7 June and 6 July 2011. A final report is due to be published later in 2011. | ||
| 590 | _aKA | ||
| 651 | 4 | _aLondon | |
| 690 | _aPROPERTY-RESIDENTIAL PROPERTY-DOMESTIC RESIDENTIAL PROPERTY-HOUSING | ||
| 856 | 4 | 0 |
_uhttps://www.london.gov.uk/media/press_releases_london_assembly/assembly-probe-condition-london%E2%80%99s-private-rented-sector _zView this item free of charge at www.london.gov.uk |
| 942 | _n0 | ||
| 999 |
_c83154 _d83154 |
||